| 000 | 00507nam a2200181Ia 4500 | ||
|---|---|---|---|
| 003 | GCL | ||
| 008 | 140319s9999 xx 000 0 eng d | ||
| 040 |
_aGCL / _cGCL |
||
| 082 | 0 | 4 |
_a411.09 _bF P |
| 100 | 1 | _aFABRE, DANIEL | |
| 245 | 1 | 0 |
_aPAR ECRIT: ETHNOLOGIE DES ECRITURES QUOTIDIENNES / _cFABRE, DANIEL |
| 260 |
_a[S.N] : _bEDITIONS DE LA MAISON DES SCEINCE DE L'H ، _c1997 |
||
| 300 | _a393 P | ||
| 650 | 0 | 4 | _aWRITING |
| 650 | 0 | 4 | _aWRITING - HISTORY |
| 650 | 0 | 4 | _aWRITING - SYSTEM |
| 942 |
_2ddc _cBK |
||
| 999 |
_c16349 _d16349 |
||